000 00505nam a2200193Ia 4500
003 GCL
008 140319s9999 xx 000 0 eng d
040 _aGCL /
_cGCL
082 0 4 _a745.2
_bD C
100 1 _aDURANT, STUART
245 1 0 _aCHRISTOPHER DRESSER /
_cDURANT, STUART
260 _a[S.N] :
_bACADEMY EDITIONS ،
_c1993
300 _a143 P P
650 0 4 _aDESIGNERS
650 0 4 _aDRESSER,CHRISTOPHER 1834-1904
650 0 4 _aINDUSTRIAL DESIGN
650 0 4 _aPRODUCT - DESIGN
942 _2ddc
_cBK
999 _c12220
_d12220